000 00697nam a22002297a 4500
005 20170124110137.0
010 _a432814
020 _c00.00
035 _a432814
037 _bCen Lib/Ret
040 _aDPL
_bEN
082 _a629.14353
_bWES
245 _aWe seven :
_cby M.Scott Carpenter...[et al.]
_bby the astronauts themselves /
260 _bSimon and Schuster
_c1962
_aNew York
270 _aRockfeller Centre,630 Fifth Avenue
300 _a352p. :
_c22cm(Hb)
_bill.
500 _aIncludes index
650 _aSpace exploration
_932592
650 _aAstronauts -- United States
_932593
700 _aCarpenter, M.Scott
_932594
942 _2ddc
_cEN
_h629.14353
_mWES
999 _c131727
_d131727